Länder mit B - Statistiken

Allgemein
  • Dieses Quiz wurde 115 mal gespielt
  • Das Durchschnittsergebnis liegt bei 13 aus 17
Antwortstatistiken
Land % Korrekt
Belgien
99%
Bangladesch
83%
Brasilien
83%
Benin
82%
Bolivien
80%
Bulgarien
79%
Bhutan
77%
Burundi
75%
Bahrain
74%
Barbados
73%
Bosnien und Herzegowina
73%
Bahamas
72%
Botswana
71%
Brunei
71%
Burkina Faso
67%
Belarus
66%
Belize
62%
Keine übereinstimmenden Quizze gefunden
Verteilung der Resultate
Anzahl Personen mit jedem Resultat
Perzentil nach korrekt beantworteten Fragen
Ihre Resultats-Entwicklung
Sie haben dieses Quiz noch nicht gespielt